[Event "RUS-chTW Premier 2019"]
[Site "Sochi"]
[Date "2019.05.10"]
[Round "9.15"]
[White "Degtyareva, Kristina"]
[Black "Maltsevskaya, Aleksandra"]
[Result "0-1"]
[WhiteElo "1812"]
[BlackElo "2299"]
[Annotator "NA"]
[PlyCount "62"]
[EventDate "2019.05.01"]
[EventType "team-tourn"]
[EventCountry "RUS"]
[SourceTitle "playchess.com"]
[Source "ChessBase"]
[SourceQuality "1"]
[TimeControl "40/5400+30:1800+30"]

1. e4 {[%emt 0:00:00]} c5 {[%emt 0:00:00]} 2. Nf3 {[%emt 0:00:00]} Nc6 {[%emt 0:00:18]} 3. d4 {[%emt 0:00:00]} cxd4 {[%emt 0:00:06]} 4. Nxd4 {[%emt 0:00:00]} g6 {[%emt 0:00:14]} 5. Nc3 {[%emt 0:00:22]} Bg7 {[%emt 0:00:07]} 6. Be3 {[%emt 0:00:54]} Nf6 {[%emt 0:00:19]} 7. f3 {[%emt 0:00:49]} O-O {[%emt 0:00:37]} 8. Qd2 {[%emt 0:00:36]} d5 {[%emt 0:00:06]} 9. Nxc6 {[%emt 0:04:08]} bxc6 {[%emt 0:00:06]} 10. e5 {[%emt 0:08:42]} Nd7 {[%emt 0:04:12]} 11. f4 {[%emt 0:01:11]} e6 {[%emt 0:00:44]} 12. Qf2 {[%emt 0:03:34] B34: Sicilian: Accelerated Dragon with 5 Nc3: sidelines} (12. Be2 c5 13. Bf2 Bb7 14. Bf3 Rb8 15. Ne2 d4 16. Bxb7 Rxb7 17. c3 Nb6 18. cxd4 Nc4 19. Qc3 Nxb2 20. dxc5 {0-1 (40) Gomes,M (2354)-Kosintseva,T (2483) Sochi 2015}) 12... f6 {[%emt 0:01:39]} 13. exf6 {[%emt 0:01:48]} Qxf6 {[%emt 0:01:29]} 14. Rd1 $146 {[%emt 0:07:54]} ({Predecessor:} 14. Bd2 e5 15. Be2 exf4 16. Rf1 d4 17. Ne4 Qe5 18. Bd3 g5 19. O-O-O Nc5 20. Nxc5 Qxc5 {0-1 (33) Norkunas,D (1736)-Juknis,P (2112) Palanga 2011}) 14... e5 {[%emt 0:08:17]} 15. g3 {[%emt 0:09:05]} (15. Be2 {might work better.}) 15... Qe7 {[%emt 0:06:18]} 16. Bg2 {[%emt 0:05:30]} exf4 {[%emt 0:00:44] Pin} 17. gxf4 {[%emt 0:07:21]} d4 {[%emt 0:00:10]} 18. Bxc6 {[%emt 0:03:04]} dxe3 {[%emt 0:00:08]} 19. Qg3 {[%emt 0:04:30]} Qc5 {[%emt 0:02:33]} 20. Bd5+ {[%emt 0:05:12] [#]} Kh8 $1 {[%emt 0:00:06]} 21. Ne4 {[%emt 0:02:27]} Qb4+ {[%emt 0:04:27]} 22. c3 {[%emt 0:01:25]} Qxb2 {[%emt 0:00:06]} 23. Qxe3 {[%emt 0:02:49]} Nf6 {[%emt 0:03:13]} 24. Nxf6 {[%emt 0:07:13]} Bxf6 {[%emt 0:00:08]} 25. O-O {[%emt 0:01:22]} Rb8 {[%emt 0:00:56]} 26. Rb1 {[%emt 0:03:36]} Qxb1 {[%emt 0:00:47]} 27. Rxb1 {[%emt 0:00:05]} Rxb1+ {[%emt 0:00:05]} 28. Kg2 {[%emt 0:00:29]} Rb2+ {[%emt 0:00:17]} 29. Kg1 $19 {[%emt 0:02:21]} Bf5 {[%emt 0:00:53]} 30. Bb3 {[%emt 0:02:56]} Rc8 {[%emt 0:01:19]} 31. c4 {[%emt 0:04:38]} Rd8 {[%emt 0:00:06]} 0-1

[Event "RUS-chTW Premier 2019"]
[Site "Sochi"]
[Date "2019.05.10"]
[Round "9.16"]
[White "Diakonova, Ekaterina"]
[Black "Makarova, Ekaterina"]
[Result "1-0"]
[WhiteElo "2211"]
[BlackElo "1630"]
[Annotator "NA"]
[PlyCount "71"]
[EventDate "2019.05.01"]
[EventType "team-tourn"]
[EventCountry "RUS"]
[SourceTitle "playchess.com"]
[Source "ChessBase"]
[SourceQuality "1"]
[TimeControl "40/5400+30:1800+30"]

1. e4 {[%emt 0:00:00]} e5 {[%emt 0:00:00]} 2. Nf3 {[%emt 0:00:00]} Nc6 {[%emt 0:00:00]} 3. Bb5 {[%emt 0:00:00]} a6 {[%emt 0:00:00]} 4. Ba4 {[%emt 0:00:00]} d6 {[%emt 0:00:02]} 5. d4 {[%emt 0:01:08]} b5 {[%emt 0:00:27]} 6. Bb3 {[%emt 0:00:06]} Nxd4 {[%emt 0:00:44]} 7. Nxd4 {[%emt 0:01:42]} exd4 {[%emt 0:00:13]} 8. Bd5 {[%emt 0:03:26] C71: Ruy Lopez: Deferred Steinitz Variation, sidelines} Rb8 {[%emt 0:00:31]} 9. Bc6+ {[%emt 0:04:21]} (9. Qxd4 Nf6 10. Bc6+ Bd7 11. Bxd7+ Qxd7 12. O-O Be7 13. b3 O-O 14. Bb2 Rfe8 15. Nd2 c5 16. Qd3 Rbd8 17. c4 Ng4 18. Rad1 Bf6 19. Bxf6 Nxf6 20. Rfe1 Qc6 {½-½ (59) Vachier Lagrave,M (2789)-Mamedyarov,S (2799) Riadh 2017}) 9... Bd7 {[%emt 0:00:28]} 10. Bxd7+ {[%emt 0:00:04]} Qxd7 {[%emt 0:00:07]} 11. Qxd4 {[%emt 0:00:03]} Qc6 {[%emt 0:02:43]} 12. Nc3 {[%emt 0:03:50]} Be7 $146 {[%emt 0:12:06]} ({Predecessor:} 12... Ne7 13. O-O Qb6 14. Qd3 Ng6 15. a4 b4 {0-1 (28) Velema,S (2118)-Vedder,R (2238) Vlissingen 2004}) 13. Qxg7 {[%emt 0:06:59]} Bf6 {[%emt 0:00:21]} 14. Qg3 {[%emt 0:00:21]} Bxc3+ {[%emt 0:01:05]} 15. Qxc3 {[%emt 0:00:12]} Qxe4+ {[%emt 0:00:33]} 16. Be3 {[%emt 0:00:45]} f6 {[%emt 0:23:53]} 17. Qxc7 {[%emt 0:01:20] Double Attack} Rb7 {[%emt 0:00:33]} 18. Qc8+ {[%emt 0:00:51]} ({But not} 18. Qxd6 Rd7 $18) 18... Kf7 {[%emt 0:01:02]} 19. O-O-O {[%emt 0:00:24]} Kg7 $2 {[%emt 0:03:04]} (19... Ne7 20. Qxh8 Rc7) 20. Rhe1 {[%emt 0:03:11]} Rf7 {[%emt 0:11:17]} 21. Bh6+ {[%emt 0:09:04]} Nxh6 {[%emt 0:00:31] [#]} 22. Qxh8+ $1 {[%emt 0:00:06]} Kxh8 {[%emt 0:00:11]} 23. Rxe4 {[%emt 0:00:02]} Rd7 {[%emt 0:02:11]} 24. Re6 {[%emt 0:02:49]} Nf7 {[%emt 0:00:34]} 25. Rxf6 {[%emt 0:00:04]} Kg7 {[%emt 0:00:07]} 26. Rf5 {[%emt 0:00:31]} Re7 {[%emt 0:00:28]} 27. g4 {[%emt 0:00:29]} Nh6 {[%emt 0:00:33]} 28. Rg5+ {[%emt 0:01:47]} Kf6 {[%emt 0:00:33]} 29. h4 {[%emt 0:00:11]} Nf7 {[%emt 0:00:32]} 30. Rf5+ {[%emt 0:00:13]} Kg6 {[%emt 0:01:50]} 31. h5+ {[%emt 0:00:08]} Kg7 {[%emt 0:00:17]} 32. f4 {[%emt 0:00:54]} h6 {[%emt 0:01:00]} 33. g5 {[%emt 0:00:34]} hxg5 {[%emt 0:00:43]} 34. fxg5 $18 {[%emt 0:00:03]} Rd7 {[%emt 0:03:55]} 35. Rf6 {[%emt 0:00:23]} Nxg5 {[%emt 0:01:17]} 36. Rg6+ {[%emt 0:00:06]} 1-0